[Event "CZE-chT2f 0607"]
[Site "Czech Republic"]
[Date "2007.04.15"]
[Round "11.5"]
[White "Keprt, Pavel"]
[Black "Kocur, Valter"]
[Result "0-1"]
[WhiteElo "2083"]
[BlackElo "2133"]
[PlyCount "110"]
[EventDate "2006.10.14"]
[EventType "team"]
[EventRounds "11"]
[EventCountry "CZE"]
[SourceTitle "EXT 2009"]
[Source "ChessBase"]
[SourceDate "2008.11.26"]
[SourceVersion "1"]
[SourceVersionDate "2008.11.26"]
[SourceQuality "1"]

1. e4 c5 2. f4 d6 3. Nf3 g6 4. c3 Bg7 5. Bc4 e6 6. 0-0 Nf6 7. Qe1 0-0 8. d3 Nc6 9. a4 d5 10. Ba2 d4 11. Qe2 Qa5 12. Bc4 Rd8 13. Bd2 Qc7 14. Na3 dxc3 15. Nb5 Qd7 16. Bxc3 a6 17. Ne5 Nxe5 18. fxe5 Ne8 19. Na3 b6 20. Nc2 Bb7 21. d4 cxd4 22. Bxd4 Qc7 23. Rae1 Bxe5 24. Bxe5 Qxe5 25. Qf2 Qc5 26. Ne3 Rd7 27. b4 Qxb4 28. Ng4 Qxc4 29. Ne5 Qd4 30. Nxd7 Qxd7 31. Qxb6 Rc8 32. Qf2 e5 33. Rd1 Qe7 34. Qf3 Rc7 35. Rfe1 Ng7 36. Re3 Ne6 37. Qh3 h5 38. g4 Nf4 39. Qg3 h4 40. Qe1 h3 41. Qd2 Kg7 42. Kf2 Qh4+ 43. Kf3 Ne6 44. Qd6 Qf6+ 45. Ke2 Rc2+ 46. Kd3 Rc8 47. Ke2 Nd4+ 48. Rxd4 exd4 49. Qxf6+ Kxf6 50. e5+ Ke6 51. Rxh3 Kxe5 52. Rb3 Be4 53. Rb6 Rc6 54. Rb8 Rc2+ 55. Kd1 Rxh2 0-1

[Event "CZE-chT2f 0506"]
[Site "Czech Republic"]
[Date "2006.04.09"]
[Round "11.3"]
[White "Kocur, Valter"]
[Black "Kolar, Stanislav"]
[Result "1-0"]
[WhiteElo "2157"]
[BlackElo "2152"]
[PlyCount "93"]
[EventDate "2005.10.16"]
[EventType "team"]
[EventRounds "11"]
[EventCountry "CZE"]
[SourceTitle "EXT 2009"]
[Source "ChessBase"]
[SourceDate "2008.11.26"]
[SourceVersion "1"]
[SourceVersionDate "2008.11.26"]
[SourceQuality "1"]

1. c4 Nf6 2. Nc3 e6 3. e4 Bb4 4. e5 Bxc3 5. bxc3 Ng8 6. c5 Ne7 7. Nf3 b6 8. Ba3 Bb7 9. Rb1 0-0 10. Be2 Nbc6 11. 0-0 f6 12. d4 fxe5 13. Nxe5 Nxe5 14. dxe5 Nd5 15. cxb6 Nxc3 16. bxc7 Qxc7 17. Rxb7 Qxb7 18. Bf3 Rxf3 19. Qxf3 Qxf3 20. gxf3 Rb8 21. Kg2 Nxa2 22. Ra1 Nc3 23. Bd6 Rb7 24. Rc1 Rb3 25. Ra1 Rb7 26. Rc1 Nd5 27. Rc8+ Kf7 28. Rf8+ Kg6 29. Kg3 Rb1 30. h4 Nc3 31. Rd8 Ne2+ 32. Kg2 Rb7 33. Rc8 Kh5 34. Rc4 Rb1 35. Re4 Nc3 36. Rg4 g6 37. Rg5+ Kxh4 38. Be7 Rb4 39. Rg4+ Kh5 40. Rxb4 g5 41. Rb7 a5 42. Rxd7 a4 43. Ra7 Kg6 44. Ra6 Kf5 45. Bb4 Nd5 46. Bd6 Nc3 47. Rc6 1-0